Sports Coaching and Teaching (Record no. 11318)

MARC details
000 -LEADER
fixed length control field 00243nam a22000977a 4500
008 - FIXED-LENGTH DATA ELEMENTS--GENERAL INFORMATION
fixed length control field 190219b ||||| |||| 00| 0 eng d
020 ## - INTERNATIONAL STANDARD BOOK NUMBER
International Standard Book Number 9780713635751
100 ## - MAIN ENTRY--PERSONAL NAME
Personal name Gummerson Tony
9 (RLIN) 7059
245 ## - TITLE STATEMENT
Title Sports Coaching and Teaching
260 ## - PUBLICATION, DISTRIBUTION, ETC. (IMPRINT)
Place of publication, distribution, etc. London
Holdings
Withdrawn status Lost status Source of classification or shelving scheme Damaged status Koha normalized classification for sorting Not for loan Home library Current library Shelving location Date acquired Total Checkouts Full call number Barcode Date last seen Price effective from Koha item type
    Dewey Decimal Classification   796_000000000000000_L2   Good Samaritan School Library Good Samaritan School Library Sports & Games 02/19/2019   796 L-2 GUM15240 02/19/2019 02/19/2019 BOOK

Powered by Koha